000
00415nam a2200133 4500
999
_c
356220
_d
356220
082
_a
MSEE-7 FAR
100
_a
Farrukh Pervez
245
_a
Memory-based user-centric backhaul-Aware user cell association scheme
260
_a
Islamabad
_b
NUST-SEECS
_c
2017
300
_a
70p.
_e
CD Includes
942
_2
ddc